Norma Chilena Oficial NCh 353. Of2000

Na minha lista:
Detalhes bibliográficos
Autor Corporativo: Instituto Nacional de Normalización (Author)
Formato: Livro
Idioma:espanhol
Publicado em: Santiago Instituto Nacional de Normalización 2000
Assuntos:
Tags: Adicionar Tag
Sem tags, seja o primeiro a adicionar uma tag!

MARC

LEADER 00000nam a2200000 a 4500
001 UCM7310
003 CL-VaPUC
008 021213e20000000CL |||||||||||||||||spa|d
082 0 4 |a 690.0218  |b INS  |2 21 
110 2 |a Instituto Nacional de Normalización  |e author  |9 472869 
245 1 0 |a Norma Chilena Oficial NCh 353. Of2000 
246 1 0 |a Construcción: cubicación de obras de edificación, requisitos 
246 1 0 |a Construction: measuring in building, requirements 
300 |a 36 p 
942 |c BK 
945 |d 20021213 00:00:00  |a vberengu 
260 |a Santiago  |b Instituto Nacional de Normalización  |c 2000 
650 0 |a Construcción  |9 260195 
650 0 |a Construcción de viviendas   |9 266842 
650 0 |a Edificios   |9 260501 
650 7 |a CUBICACION  |2 CL-VaPUC  |9 472262 
650 0 |a Materiales de construcción  |9 260197 
583 |a last modification  |c 20021213 00:00:00  |k Rodrigo Vera 
999 |c 302157  |d 302155 
952 |0 0  |1 0  |4 0  |6 690_021800000000000_INS_2000  |7 0  |8 X  |9 362219  |a BIBING  |b BIBING  |d 2019-11-21  |i 3866874  |o 690.0218 INS 2000  |p 3866874  |r 2025-01-20  |w 2019-11-21  |y BK_X  |k CCL